000
00293nam a22001337a 4500
008
170406b xxu||||| |||| 00| 0 eng d
020
_a
07167044897
041
_a
eng
080
_a
575
100
_a
9
101
_a
SHM
245
_a
IMUNOLOGY AGING AND CANCER
_c
BURNET.F.M
942
_2
udc
_c
BK
999
_c
9938
_d
9938